01481nam a2200385 a 4500001001200000003000800012006001900020007001500039008004100054010001700095020003000112020002700142020002700169040002100196035002100217050002700238082001700265245010700282260005500389300001800444490001200462504006400474533015200538650003300690650003400723650003700757650003500794650002200829655002900851700003400880710001700914830002100931856012600952999001701078ebr10676500CaPaEBRm u cr cn|||||||||090218s2009 nyua sb 001 0 eng d z 2009006392 z9781606924310 (softcover) z1606924311 (softcover) z9781614704782 (e-book) aCaPaEBRcCaPaEBR a(OCoLC)75197890914aQC145.4.O6bO68 2009eb04a530.4/2722200aOptical deformability of fluid interfacesh[electronic resource] /cJean-Pierre Delville ... [et al.]. aNew York :bNova Science Publishers, Inc.,cc2009. a88 p. :bill.1 aNovinka aIncludes bibliographical references (p. [79]-82) and index. aElectronic reproduction.bPalo Alto, Calif. :cebrary,d2013.nAvailable via World Wide Web.nAccess may be limited to ebrary affiliated libraries. 0aLiquidsxOptical properties. 0aLiquidsxMagnetic properties. 0aLiquidsxEffect of radiation on. 0aInterfaces (Physical sciences) 0aLight absorption. 7aElectronic books.2local1 aDelville, Jean-Pierre,d1960-2 aebrary, Inc. 0aNovinka (Series)40uhttp://site.ebrary.com/lib/rucke/Doc?id=10676500zAn electronic book accessible through the World Wide Web; click to view c58390d58390